|
|
|
|
| LEADER |
00853nab a2200229 i 4500 |
| 001 |
misc67980 |
| 005 |
20230202134529.0 |
| 008 |
220822s1972 hu o 0|| eng d |
| 022 |
|
|
|a 0001-6446
|
| 040 |
|
|
|a SZTE Miscellanea Repozitórium
|b hun
|
| 041 |
|
|
|a eng
|
| 100 |
1 |
|
|a Vásáry István
|
| 245 |
1 |
0 |
|a Runiform signs on objects of the Avar period
|h [elektronikus dokumentum] /
|c Vásáry István
|
| 260 |
|
|
|a Magyar Tudományos Akadémia
|b Budapest
|c 1972
|
| 300 |
|
|
|a 335-347
|c 24 cm
|
| 490 |
0 |
|
|a Acta Orientalia Academiae Scientiarum Hungaricae
|
| 561 |
|
|
|a Németh Gyula hagyaték
|
| 591 |
|
|
|a NOA 6318;NOA 6319;XKEK 439;XKEK 1915;OA 6975
|
| 650 |
|
4 |
|a Bölcsészettudományok
|
| 650 |
|
4 |
|a Nyelvek és irodalom
|
| 695 |
|
|
|a Rovásírás - Kárpát-medence
|
| 856 |
4 |
0 |
|u http://misc.bibl.u-szeged.hu/67980/1/6975_oa.pdf
|z Dokumentum-elérés
|